000 00391nam a22001457a 4500
999 _c9543
_d9543
003 OSt
005 20210702122900.0
008 210702b ||||| |||| 00| 0 eng d
020 _a9781595341297
082 _a711.4097468
_bOLM
100 _aOlmsted, Frederick Law,
_d1870-1957;
245 _aThe plan for New Haven
260 _aU.S.
_b Trinity University Press,
_c14 March 2013
942 _2ddc